000 00210nam a2200097Ia 4500
008 190216s9999||||xx |||||||||||||| ||und||
100 _aK R Rajan
245 0 _aChandrane Kandethel
260 _bNull
942 _cBK
999 _c25213
_d25213